000
00270nam a2200097Ia 4500
001
769183
005
20250826165432.0
008
250824s9999 xx 000 0 und d
245
0
_a
PAYLAŞMA VE MUTLULUK ÖYKÜLERİ
_c
SAİDE NUR DİKMEN
260
_b
UĞUR BÖCEĞİ YAYINLARI
999
_c
769183
_d
769183